UFC Fighter Nicknames #3 - Statistics

General Stats
  • This quiz has been taken 684 times
  • The average score is 6 of 15
Answer Stats
Hint Answer % Correct
Ryan Bader darth
69%
Mark Hunt super samoan
65%
Rich Franklin ace
56%
Dan Hardy the outlaw
43%
Yoshihiro Akiyama sexyama
40%
Chris Leben the crippler
40%
Stephan Bonner american psycho
38%
Pat Barry hd
37%
Tim Boetsch the barbarian
31%
Vladimir Matyushenko the janitor
31%
Tom Lawlor filthy
25%
Alan Belcher the talent
25%
Ed Herman short fuse
22%
Mark Munoz the filipino wrecking machine
20%
Rousimar Palhares toquinho
17%
No matching quizzes found
Score Distribution
Percent of People with Each Score
Percentile by Number Answered
Your Score History
You have not taken this quiz